| 000 | 00910 a2200229 4500 | ||
|---|---|---|---|
| 001 | 43867 | ||
| 005 | 20260407155719.0 | ||
| 008 | 260407a2017 arg spa d | ||
| 003 | AR-UNSa-BCEJYS | ||
| 040 |
_aAR-UNSa-BCEJYS _bspa _cAR-UNSa-BCEJYS |
||
| 080 |
_a316.46 _xLiderazgo |
||
| 245 | 1 | 0 |
_aLidera tu propio cambio _pun modelo para el cambio profundo y simultáneo de los individuos y la cultura de las organizaciones |
| 020 | _a978-950-641-906-6 | ||
| 264 | 1 |
_aBuenos Aires : _bGranica _c2017 |
|
| 300 |
_a187 p. _c22 cm. |
||
| 505 | _a1. El movimiento - 2. La responsabilidad - 3. El tiempo - 4. El contexto - 5. La comunicación - 6. El liderazgo - 7. El cambio - 8. Lidera tu cambio | ||
| 041 | _aspa | ||
| 942 | _cBK | ||
| 590 | _aniveau_biblio:m niveau_hierar:0 | ||
| 100 | 1 | _aChurba, Andrea | |
| 856 | 4 | 1 |
_uhttps://biblioeco.unsa.edu.ar/pmb/images/libros/L126769.jpg _yImagen de portada _qimage/jpeg |
| 999 |
_c3735 _d3735 |
||